[Event "C.to Provinciale TP"]
[Site "Erice ITA"]
[Date "2011.02.12"]
[Round "6"]
[White "Arini, Mario"]
[Black "Meo, Antonino"]
[Result "0-1"]
[WhiteElo "1594"]
[BlackElo "1581"]
[PlyCount "65"]
[EventDate "2011.01.09"]

1. Nf3 e6 2. g3 d5 3. Bg2 Nf6 4. d4 c5 5. e3 Nc6 6. O-O cxd4 7. exd4 Be7 8. Bf4
O-O 9. Re1 Qb6 10. b3 Ne4 11. a3 a5 12. Qd3 Bf6 13. Rd1 Re8 14. Nc3 Nxd4 15.
Nxd4 Bxd4 16. Qxd4 Qxd4 17. Rxd4 Nxc3 18. Rd2 e5 19. Bg5 Be6 20. f4 e4 21. Re1
f6 22. Bh4 h6 23. Re3 Rac8 24. Re1 g5 25. fxg5 fxg5 26. Bxg5 hxg5 27. Bf1 Bg4
28. h3 Bf3 29. h4 gxh4 30. gxh4 Kh8 31. Rh2 Rg8+ 32. Kf2 Nd1+ 33. Rxd1 0-1